000 00469nam a2200205Ia 4500
999 _c98428
_d98428
003 0100
005 20170309134948.0
008 130307s9999 xx 000 0 und d
040 _cARRUPELIB
050 _aBL2462.5.P11 1979
100 _aP'Bitek, Okot
_929258
245 _aAfrican religions in Western scholarships
260 _aNairobi
260 _bKenya Literature Bureau
260 _c1979
300 _a139p.
300 _b19cm
650 _aLearning and scholarship
_xEurope
_929259
650 _bAfrica
_xReligion
_xStudy and teaching
_929260
942 0 0 _09
_2lcc
_cMONOGRAPH